[Event "Play for Durgesh Fundraiser Blitz"]
[Site "Vishy Anand Arena"]
[Date "2020.09.19"]
[Round "7"]
[White "Arjunkalyan"]
[Black "Rasulov Vugar"]
[Result "1/2-1/2"]
[WhiteElo "2367"]
[BlackElo "2512"]
[PlyCount "220"]
[EventDate "2020.09.19"]
[EventType "swiss (blitz)"]

1. e4 c5 2. Nf3 d6 3. d4 cxd4 4. Nxd4 Nf6 5. Nc3 Nc6 6. f3 g6 7. Be3 Bg7 8. Qd2 O-O 9. O-O-O Nxd4 10. Bxd4 Be6 11. Kb1 Qc7 12. g4 Rfc8 13. h4 Qa5 14. a3 Rab8 15. h5 b5 16. h6 b4 17. axb4 Qxb4 18. Nd5 Nxd5 19. exd5 Bxd4 20. Qxd4 Qxd4 21. Rxd4 Bd7 22. Bc4 Bb5 23. Bb3 f6 24. Re1 Kf7 25. Rde4 Rc7 26. c4 Ba6 27. R1e3 Bc8 28. Bc2 f5 29. Rd4 Kf6 30. gxf5 gxf5 31. f4 Bd7 32. b3 Rg8 33. Rd2 Rg6 34. Rde2 Bc8 35. Rh2 e6 36. dxe6 Bxe6 37. Rd2 Rd7 38. c5 dxc5 39. Rxe6+ Kxe6 40. Bxf5+ Kxf5 41. Rxd7 Rxh6 42. Rxa7 Kxf4 43. Rc7 Rh5 44. Kc2 Ke4 45. Rd7 h6 46. Kc3 Rh1 47. Rc7 h5 48. Kc4 h4 49. Re7+ Kf5 50. Rh7 h3 51. Kxc5 h2 52. Kb5 Kg6 53. Rh8 Kg5 54. b4 Kg4 55. Kb6 Kg3 56. Rg8+ Kf4 57. Rh8 Kg3 58. Rg8+ Kf3 59. Rh8 Rb1 60. Rxh2 Rxb4+ 61. Kc5 Rf4 62. Rc2 Ke3 63. Rc4 Rf5+ 64. Kb4 Kd3 65. Rc5 Rf4+ 66. Kb5 Rf1 67. Kc6 Rf6+ 68. Kb5 Rf1 69. Rc6 Kd4 70. Kb6 Kd5 71. Rc5+ Kd6 72. Rc6+ Kd7 73. Rc7+ Kd8 74. Rc5 Rb1+ 75. Kc6 Re1 76. Rd5+ Ke7 77. Rc5 Ke6 78. Rc4 Ra1 79. Rc5 Ra6+ 80. Kb5 Ra1 81. Rc6+ Kd5 82. Rc5+ Kd4 83. Rc4+ Kd3 84. Rc5 Rh1 85. Kc6 Kd4 86. Kb5 Rb1+ 87. Kc6 Rb8 88. Rd5+ Ke4 89. Rc5 Rd8 90. Kb5 Kd4 91. Rc4+ Kd3 92. Rc5 Rb8+ 93. Kc6 Kd4 94. Rd5+ Kc4 95. Rc5+ Kb4 96. Re5 Rc8+ 97. Kd6 Rc1 98. Ke6 Kc4 99. Kf5 Kd4 100. Re4+ Kd3 101. Re5 Rf1+ 102. Ke6 Rh1 103. Rd5+ Ke4 104. Re5+ Kf4 105. Rf5+ Kg4 106. Re5 Rc1 107. Rd5 Rc6+ 108. Ke5 Rc4 109. Rd6 Rf4 110. Ke6 Kf3 1/2-1/2

[Event "Play for Durgesh Fundraiser Blitz"]
[Site "Vishy Anand Arena"]
[Date "2020.09.19"]
[Round "7"]
[White "Samudragupta"]
[Black "Francy29"]
[Result "0-1"]
[WhiteElo "2366"]
[BlackElo "2032"]
[Annotator "NA"]
[PlyCount "102"]
[EventDate "2020.09.19"]
[EventType "swiss (blitz)"]

1. d4 Nf6 2. Bf4 d5 3. e3 c5 4. c3 Nc6 5. Nd2 cxd4 6. exd4 Bf5 7. Qb3 Qc8 8. Ngf3 e6 9. Nh4 Bg6 10. Nxg6 hxg6 11. Nf3 Be7 12. Bd3 O-O 13. O-O a6 14. a4 Qd7 15. Ne5 Nxe5 16. dxe5 Ne8 17. c4 Nc7 18. Rfd1 Rab8 19. Be3 Rfd8 20. cxd5 Nxd5 21. Be4 b5 22. Bxd5 exd5 23. a5 Qe6 24. Bb6 Rd7 25. Re1 Rc8 26. Rad1 Rc4 27. Qd3 Bd8 28. b3 Rc6 29. Bxd8 Rxd8 30. Rc1 d4 31. Rxc6 Qxc6 32. h4 Qc3 33. Rd1 Qxa5 34. e6 Qc7 35. exf7+ Qxf7 36. b4 Qf5 37. Qd2 d3 38. Qa2+ Kh7 39. Qxa6 Qg4 40. Rd2 Qxb4 41. Qa2 Qxh4 42. Qb1 Qc4 43. g3 b4 44. Kg2 b3 45. Qe1 Rd5 46. Qe6 Qd4 47. Qe8 Rd8 48. Qb5 Qd5+ 49. Qxd5 Rxd5 50. Kf3 b2 51. Rxb2 d2 0-1

[Event "Play for Durgesh Fundraiser Blitz"]
[Site "Vishy Anand Arena"]
[Date "2020.09.19"]
[Round "7"]
[White "Aradhya"]
[Black "RACEKING"]
[Result "0-1"]
[WhiteElo "2362"]
[BlackElo "2399"]
[PlyCount "128"]
[EventDate "2020.09.19"]
[EventType "swiss (blitz)"]

1. d4 f5 2. Bg5 Nf6 3. Bxf6 exf6 4. e3 d5 5. Bd3 Be6 6. Ne2 Qd7 7. Nf4 Bf7 8. h4 h5 9. Nd2 Nc6 10. c3 g6 11. a4 Ne7 12. a5 c6 13. Nb3 Nc8 14. Nc5 Qc7 15. Nce6 Bxe6 16. Nxe6 Qf7 17. Nxf8 Kxf8 18. Qb3 Nd6 19. Qb4 Qe7 20. O-O-O Kf7 21. Kb1 b6 22. a6 Ne4 23. Qxe7+ Kxe7 24. Rhf1 b5 25. Kc2 Rab8 26. b3 Nd6 27. f3 Kf7 28. Rfe1 Rhe8 29. Ra1 Re7 30. Kd2 Rc8 31. Rac1 c5 32. c4 bxc4 33. bxc4 cxd4 34. c5 dxe3+ 35. Rxe3 Rxe3 36. Kxe3 Ne8 37. Bb5 Nc7 38. Bc6 Nxa6 39. Bxd5+ Ke7 40. Kd4 Nb4 41. Re1+ Kd8 42. Kc4 Nxd5 43. Kxd5 Rc7 44. c6 Re7 45. Rb1 Kc8 46. Kd6 Re2 47. g3 Rd2+ 48. Ke6 Rc2 49. Kxf6 Rxc6+ 50. Kf7 a5 51. Ra1 Ra6 52. Ra4 Kb7 53. f4 Kb6 54. Rd4 Kb5 55. Rd5+ Kc4 56. Rd6 Rxd6 57. Ke7 Ra6 58. Kd7 a4 59. Kc7 a3 60. Kb7 Kb5 61. Kc7 a2 62. Kd7 a1=Q 63. Ke7 Qg7+ 64. Kd8 Ra8# 0-1

[Event "Play for Durgesh Fundraiser Blitz"]
[Site "Vishy Anand Arena"]
[Date "2020.09.19"]
[Round "7"]
[White "Boobyfisher"]
[Black "IndianKing97"]
[Result "1-0"]
[WhiteElo "2343"]
[BlackElo "2426"]
[Annotator "NA"]
[PlyCount "95"]
[EventDate "2020.09.19"]
[EventType "swiss (blitz)"]

1. Nf3 Nf6 2. g3 d5 3. Bg2 c6 4. O-O Bg4 5. d3 Nbd7 6. h3 Bh5 7. c4 e6 8. cxd5 exd5 9. Nc3 Be7 10. e4 O-O 11. g4 dxe4 12. dxe4 Bg6 13. Nh4 Bc5 14. Nxg6 hxg6 15. Na4 Qe7 16. Nxc5 Nxc5 17. f3 Rad8 18. Qc2 Ne6 19. Be3 g5 20. Rfd1 c5 21. Qc4 b6 22. a4 Nd7 23. Qc3 f6 24. Bf1 Ne5 25. Kg2 Nf4+ 26. Bxf4 gxf4 27. Bc4+ Kh7 28. Bd5 g5 29. h4 gxh4 30. Rh1 Ng6 31. Rac1 Qe5 32. Qxe5 fxe5 33. b4 Rc8 34. bxc5 bxc5 35. Rc2 Rc7 36. Rhc1 Rb8 37. Rxc5 Rb2+ 38. Kh3 Rxc5 39. Rxc5 Rf2 40. g5 Rxf3+ 41. Kg4 Rg3+ 42. Kh5 Nf8 43. Rc7+ Kh8 44. Rf7 Kg8 45. Rxa7+ Kh8 46. Rf7 Nh7 47. g6 Ng5 48. Kh6 1-0

[Event "Play for Durgesh Fundraiser Blitz"]
[Site "Vishy Anand Arena"]
[Date "2020.09.19"]
[Round "7"]
[White "Gak_chess"]
[Black "VugarAsadli"]
[Result "0-1"]
[WhiteElo "2278"]
[BlackElo "2264"]
[PlyCount "132"]
[EventDate "2020.09.19"]
[EventType "swiss (blitz)"]

1. d4 Nf6 2. c4 e6 3. Nf3 b6 4. a3 Bb7 5. Nc3 g6 6. Qc2 Bg7 7. e4 O-O 8. Be2 d5 9. e5 Ne4 10. cxd5 exd5 11. O-O Nd7 12. Bd3 Nxc3 13. bxc3 c5 14. Qe2 Re8 15. a4 f6 16. Bf4 Nf8 17. Bg3 Rc8 18. Rfe1 Ne6 19. Qd2 f5 20. Bb5 Bc6 21. dxc5 bxc5 22. Rad1 g5 23. h4 f4 24. Bh2 Bxb5 25. axb5 g4 26. Ng5 Nxg5 27. hxg5 Qxg5 28. Bxf4 Qf5 29. Qxd5+ Kh8 30. Bg3 c4 31. Re4 h5 32. e6 Qxd5 33. Rxd5 Bxc3 34. Rxh5+ Kg7 35. Rxg4+ Kf6 36. Rh6+ Kf5 37. Rf4+ Kg5 38. Rhh4 Rxe6 39. Rhg4+ Kh5 40. Rxc4 Rxc4 41. Rxc4 Ba5 42. Rc5+ Kg4 43. Rc4+ Kf5 44. Rc5+ Kg4 45. Bb8 Bb6 46. Rc4+ Kf5 47. Bg3 Re2 48. Rf4+ Kg5 49. Kh2 Rb2 50. f3 Rxb5 51. Rg4+ Kf5 52. Rg8 Rb1 53. Ra8 a5 54. Ra6 Rb2 55. Kh3 Rb1 56. Kh2 Bg1+ 57. Kh3 Bb6 58. Bh2 Rb2 59. g4+ Kg5 60. f4+ Kg6 61. Bg1 Rb3+ 62. Kh4 Kf7 63. Bxb6 a4 64. Bd4 Rb4 65. Ra7+ Ke6 66. Be5 a3 0-1

[Event "Play for Durgesh Fundraiser Blitz"]
[Site "Vishy Anand Arena"]
[Date "2020.09.19"]
[Round "7"]
[White "Leolek"]
[Black "Kingofblitz"]
[Result "1-0"]
[WhiteElo "2211"]
[BlackElo "1814"]
[PlyCount "45"]
[EventDate "2020.09.19"]
[EventType "swiss (blitz)"]

1. e4 c5 2. Nf3 d6 3. d4 cxd4 4. Nxd4 Nf6 5. Nc3 a6 6. Bg5 Nbd7 7. Qd2 e6 8. O-O-O Be7 9. f4 h6 10. Bh4 Qc7 11. Bf2 Nc5 12. Bd3 g5 13. f5 e5 14. Nb3 b5 15. Kb1 Bb7 16. Nxc5 dxc5 17. Nd5 Bxd5 18. exd5 Rd8 19. c4 O-O 20. h4 bxc4 21. hxg5 cxd3 22. gxf6 Bxf6 23. Qxh6 1-0

[Event "Play for Durgesh Fundraiser Blitz"]
[Site "Vishy Anand Arena"]
[Date "2020.09.19"]
[Round "7"]
[White "Arghyadip"]
[Black "COLGATE"]
[Result "1-0"]
[WhiteElo "2198"]
[BlackElo "1785"]
[PlyCount "57"]
[EventDate "2020.09.19"]
[EventType "swiss (blitz)"]

1. d4 Nf6 2. c4 g6 3. Nc3 d5 4. Nf3 Bg7 5. cxd5 Nxd5 6. e4 Nxc3 7. bxc3 c5 8. Be3 O-O 9. Qd2 Nc6 10. Rc1 cxd4 11. cxd4 Qa5 12. Qxa5 Nxa5 13. h4 b6 14. h5 Bb7 15. Bd3 Rfd8 16. hxg6 hxg6 17. Ke2 Nc6 18. d5 Nb4 19. Bc4 Rac8 20. Nd2 Na6 21. f3 Nc5 22. Kf2 Bf6 23. Nb3 Nxb3 24. Bxb3 Ba6 25. f4 Kg7 26. e5 Rxc1 27. exf6+ exf6 28. Rxc1 Re8 29. Rc7 1-0

[Event "Play for Durgesh Fundraiser Blitz"]
[Site "Vishy Anand Arena"]
[Date "2020.09.19"]
[Round "7"]
[White "skkeyan"]
[Black "Ilamparthi"]
[Result "1-0"]
[WhiteElo "2195"]
[BlackElo "2175"]
[PlyCount "95"]
[EventDate "2020.09.19"]
[EventType "swiss (blitz)"]

1. Nf3 Nf6 2. b3 g6 3. Bb2 Bg7 4. g3 O-O 5. Bg2 d6 6. O-O Nbd7 7. d4 e5 8. dxe5 Ng4 9. c4 Ngxe5 10. Nxe5 Nxe5 11. Qd2 c6 12. Nc3 Be6 13. Rad1 Qb6 14. Na4 Qc7 15. f4 Ng4 16. Bxg7 Kxg7 17. h3 Nf6 18. Qxd6 Qa5 19. Qd2 Qc7 20. e4 b5 21. Nc5 bxc4 22. Nxe6+ fxe6 23. bxc4 e5 24. Qd6 Qxd6 25. Rxd6 Nh5 26. fxe5 Rxf1+ 27. Kxf1 Nxg3+ 28. Kf2 Nh5 29. Rxc6 Nf4 30. Bf1 Re8 31. Rc7+ Kh6 32. Ke3 g5 33. h4 Rxe5 34. hxg5+ Kxg5 35. Rxh7 a5 36. Rg7+ Ng6 37. Kd4 Re8 38. c5 Kf6 39. Rd7 Ne5 40. Rd6+ Kg5 41. Kd5 Kf4 42. Bb5 Re7 43. a4 Ng4 44. c6 Ne3+ 45. Kc5 Ke5 46. Rd7 Re8 47. c7 Ke6 48. Rd6+ 1-0

[Event "Play for Durgesh Fundraiser Blitz"]
[Site "Vishy Anand Arena"]
[Date "2020.09.19"]
[Round "7"]
[White "lsr"]
[Black "Dushu2930"]
[Result "1-0"]
[WhiteElo "2176"]
[BlackElo "2061"]
[Annotator "NA"]
[PlyCount "63"]
[EventDate "2020.09.19"]
[EventType "swiss (blitz)"]

1. Nf3 d5 2. g3 e6 3. Bg2 Be7 4. O-O Nf6 5. d3 O-O 6. Nbd2 c5 7. e4 Nc6 8. Re1 d4 9. a4 e5 10. h3 h6 11. Nc4 Qc7 12. Rf1 Be6 13. b3 a6 14. Nh4 b5 15. axb5 axb5 16. Rxa8 Rxa8 17. Nd2 Nd7 18. Nf5 Bxf5 19. exf5 Ra1 20. Qf3 Nb4 21. Ne4 Nf6 22. Qe2 Nfd5 23. Qg4 Nf6 24. Nxf6+ Bxf6 25. Bxh6 Rxf1+ 26. Bxf1 Nxc2 27. Bxg7 Bxg7 28. f6 Kf8 29. Qxg7+ Ke8 30. Qg8+ Kd7 31. Qxf7+ Kd6 32. Qxc7+ 1-0

[Event "Play for Durgesh Fundraiser Blitz"]
[Site "Vishy Anand Arena"]
[Date "2020.09.19"]
[Round "7"]
[White "Suyu28"]
[Black "Abhiharry726"]
[Result "1-0"]
[WhiteElo "2151"]
[BlackElo "1620"]
[Annotator "NA"]
[PlyCount "63"]
[EventDate "2020.09.19"]
[EventType "swiss (blitz)"]

1. Nf3 d6 2. d4 e5 3. dxe5 dxe5 4. Qxd8+ Kxd8 5. Nxe5 Ke8 6. e4 Be6 7. f4 Bd6 8. Nd3 Nd7 9. Nc3 Bc4 10. Be3 Ne7 11. O-O-O b5 12. b3 Bxd3 13. Bxd3 b4 14. Nb5 a6 15. Nxd6+ cxd6 16. Be2 a5 17. Rxd6 f6 18. Bb5 Rd8 19. Rhd1 Kf7 20. Bxd7 Nc8 21. Be6+ Ke7 22. Rxd8 Rxd8 23. Rxd8 Kxd8 24. Bxc8 Kxc8 25. Bb6 a4 26. Ba5 g6 27. Bxb4 h5 28. bxa4 Kb7 29. c4 f5 30. e5 Kc8 31. a5 Kd7 32. a6 1-0

[Event "Play for Durgesh Fundraiser Blitz"]
[Site "Vishy Anand Arena"]
[Date "2020.09.19"]
[Round "7"]
[White "Position"]
[Black "Aniketmohapatra"]
[Result "1-0"]
[WhiteElo "2120"]
[BlackElo "1749"]
[PlyCount "45"]
[EventDate "2020.09.19"]
[EventType "swiss (blitz)"]

1. e4 e5 2. Nf3 Nf6 3. d3 Nc6 4. Be2 d5 5. exd5 Nxd5 6. O-O Be7 7. Re1 O-O 8. Bf1 Bd6 9. h3 f5 10. Nc3 Nxc3 11. bxc3 Be6 12. d4 e4 13. Ng5 Bf7 14. Nxf7 Rxf7 15. Bc4 Qf6 16. Qh5 g6 17. Qg5 Qxg5 18. Bxg5 Raf8 19. Bh6 Re8 20. Rab1 b6 21. Bb5 f4 22. Bxc6 Re6 23. Bd5 1-0

[Event "Play for Durgesh Fundraiser Blitz"]
[Site "Vishy Anand Arena"]
[Date "2020.09.19"]
[Round "7"]
[White "Roedor87"]
[Black "Adireddyarjun"]
[Result "0-1"]
[WhiteElo "2066"]
[BlackElo "1620"]
[Annotator "NA"]
[PlyCount "102"]
[EventDate "2020.09.19"]
[EventType "swiss (blitz)"]

1. d4 d5 2. c4 c6 3. Nf3 Nf6 4. e3 e6 5. b3 Nbd7 6. Bd3 b6 7. O-O Bd6 8. Bb2 O-O 9. Ne5 Bb7 10. f4 c5 11. Nd2 cxd4 12. exd4 dxc4 13. Ndxc4 Be7 14. Rc1 Nxe5 15. fxe5 Nd5 16. Qh5 g6 17. Qh3 Bg5 18. Rcd1 Ba6 19. Nd6 Bxd3 20. Rxd3 Nf4 21. Rxf4 Bxf4 22. Ne4 Bg5 23. Qg4 Be7 24. Rh3 Kg7 25. Qf4 h5 26. g4 Rh8 27. Rf3 Qf8 28. d5 hxg4 29. Qxg4 Rh4 30. Qxh4 Bxh4 31. dxe6 fxe6 32. Rxf8 Rxf8 33. Kg2 Rf4 34. Nd6 Rf2+ 35. Kh3 Rxb2 36. Kxh4 Rxa2 37. Ne8+ Kh6 38. h3 Rb2 39. Nf6 Rxb3 40. Ng4+ Kg7 41. Nf6 a5 42. Ne8+ Kh6 43. Kg4 a4 44. Nf6 a3 45. Ng8+ Kg7 46. Nf6 a2 47. Ne8+ Kh6 48. Nd6 a1=Q 49. Nf7+ Kg7 50. Ng5 Qg1+ 51. Kh4 Qg3# 0-1

[Event "Play for Durgesh Fundraiser Blitz"]
[Site "Vishy Anand Arena"]
[Date "2020.09.19"]
[Round "7"]
[White "ASB"]
[Black "HarshPandit"]
[Result "1-0"]
[WhiteElo "2056"]
[BlackElo "1702"]
[PlyCount "73"]
[EventDate "2020.09.19"]
[EventType "swiss (blitz)"]

1. d4 d5 2. Bf4 Nf6 3. e3 Bf5 4. Nf3 e6 5. Bd3 Bg4 6. Nbd2 c5 7. c3 Nc6 8. a3 Bd6 9. Bg3 O-O 10. Qb1 c4 11. Bc2 h6 12. e4 dxe4 13. Nxe4 Nxe4 14. Bxe4 Bxf3 15. Bxf3 Bxg3 16. hxg3 Rb8 17. O-O Ne7 18. a4 Nd5 19. Bxd5 Qxd5 20. Re1 Rfd8 21. a5 Qg5 22. Re5 Qf6 23. Qe4 b6 24. axb6 Rxb6 25. Qe2 Rdb8 26. Ra2 a6 27. Rc5 Qg6 28. Kh2 Qd3 29. Qe5 Rxb2 30. Rxa6 Kh7 31. Ra1 Rxf2 32. Qxb8 Rxg2+ 33. Kxg2 Qe2+ 34. Kg1 Qf3 35. Qf4 Qe2 36. Rf1 Qd3 37. Re5 1-0

[Event "Play for Durgesh Fundraiser Blitz"]
[Site "Vishy Anand Arena"]
[Date "2020.09.19"]
[Round "7"]
[White "Kikku"]
[Black "abhi_golu"]
[Result "1-0"]
[WhiteElo "2047"]
[BlackElo "1639"]
[PlyCount "77"]
[EventDate "2020.09.19"]
[EventType "swiss (blitz)"]

1. e4 c6 2. d4 d5 3. exd5 cxd5 4. c4 Nf6 5. Nc3 e6 6. c5 Nc6 7. Nf3 a6 8. a3 Bd7 9. b4 b6 10. Bd3 bxc5 11. bxc5 Be7 12. O-O O-O 13. Bf4 Nh5 14. Be3 Nf6 15. Na4 Qc7 16. g3 Ra7 17. Bf4 Qd8 18. Rb1 Nh5 19. Be3 Bc8 20. Nb6 Nf6 21. Qa4 Bd7 22. Qc2 h6 23. Rfe1 Ng4 24. Bf4 g5 25. Bd2 f5 26. h3 Nf6 27. Nxd7 Qxd7 28. Rb6 Nd8 29. Ne5 Qc7 30. Ng6 Rf7 31. Bxf5 Ne4 32. Bxe4 dxe4 33. Qxe4 Rg7 34. Ne5 Bf6 35. Ba5 Qe7 36. Rb8 g4 37. Nxg4 h5 38. Nxf6+ Qxf6 39. Rxd8+ 1-0

[Event "Play for Durgesh Fundraiser Blitz"]
[Site "Vishy Anand Arena"]
[Date "2020.09.19"]
[Round "7"]
[White "Carlashis"]
[Black "Mithil"]
[Result "1-0"]
[WhiteElo "2038"]
[BlackElo "2092"]
[PlyCount "65"]
[EventDate "2020.09.19"]
[EventType "swiss (blitz)"]

1. d4 d5 2. c4 c6 3. Nf3 Nf6 4. g3 e6 5. Nc3 Be7 6. Bg2 O-O 7. O-O b6 8. Re1 Bb7 9. a4 Na6 10. cxd5 cxd5 11. Bf4 Nb4 12. Rc1 Rc8 13. Ne5 a6 14. h3 Nd7 15. Nd3 Rc4 16. Nxb4 Bxb4 17. Qd3 Qc8 18. Bd2 Bxc3 19. Bxc3 b5 20. axb5 axb5 21. b3 Rc7 22. Bd2 Ba6 23. e4 dxe4 24. Qxe4 Nf6 25. Qe3 Bb7 26. Bf1 Rxc1 27. Rxc1 Qd7 28. Qe5 Bd5 29. Rc7 Qe8 30. Bb4 Nd7 31. Qd6 Qb8 32. Qxd7 Rd8 33. Qxf7+ 1-0

[Event "Play for Durgesh Fundraiser Blitz"]
[Site "Vishy Anand Arena"]
[Date "2020.09.19"]
[Round "7"]
[White "toosieslide"]
[Black "PRANAVAJ"]
[Result "1-0"]
[WhiteElo "2030"]
[BlackElo "1820"]
[Annotator "NA"]
[PlyCount "99"]
[EventDate "2020.09.19"]
[EventType "swiss (blitz)"]

1. d4 Nf6 2. c3 g6 3. Nf3 Bg7 4. g3 O-O 5. Bg2 d6 6. O-O c5 7. Be3 cxd4 8. Nxd4 Qc7 9. Nd2 Nc6 10. N2b3 Nxd4 11. Bxd4 Rb8 12. Rc1 Be6 13. Bxa7 Ra8 14. Bd4 Rxa2 15. Qc2 Bf5 16. e4 Be6 17. Ra1 Rfa8 18. Rxa2 Rxa2 19. Nd2 h5 20. Re1 Qa5 21. e5 Ng4 22. exd6 Bxd4 23. cxd4 exd6 24. h3 Nf6 25. Re3 Qb4 26. Nb3 Bxb3 27. Qxb3 Rxb2 28. Qxb4 Rxb4 29. Re7 b5 30. Bc6 Rb1+ 31. Kg2 b4 32. Rb7 b3 33. Ba4 b2 34. Bc2 Re1 35. Rxb2 Kg7 36. Bb3 Ne4 37. Bd5 Nc3 38. Bf3 Rb1 39. Rc2 Nb5 40. Bd5 Nxd4 41. Rc7 Rb2 42. Rxf7+ Kh6 43. Rf4 g5 44. Rxd4 Rb5 45. Bf3 Re5 46. Rxd6+ Kg7 47. h4 Rf5 48. Bxh5 gxh4 49. Bg4 Rh5 50. Bxh5 1-0

[Event "Play for Durgesh Fundraiser Blitz"]
[Site "Vishy Anand Arena"]
[Date "2020.09.19"]
[Round "7"]
[White "Attacker_97"]
[Black "Shubh_2007"]
[Result "0-1"]
[WhiteElo "2005"]
[BlackElo "1928"]
[Annotator "NA"]
[PlyCount "172"]
[EventDate "2020.09.19"]
[EventType "swiss (blitz)"]

1. e4 c5 2. Nf3 d6 3. d4 cxd4 4. Nxd4 Nf6 5. Nc3 g6 6. g3 Nc6 7. Nde2 Bd7 8. Bg2 Qc8 9. h3 Bg7 10. b3 O-O 11. Bb2 a6 12. Rb1 b5 13. Nd5 Nxd5 14. exd5 Bxb2 15. Rxb2 Nd8 16. h4 h5 17. O-O Bh3 18. Nd4 Bxg2 19. Kxg2 Qd7 20. Re1 Rc8 21. Qf3 Kg7 22. Rbb1 Nb7 23. Re2 Nc5 24. Rbe1 Rfe8 25. Qf4 e5 26. dxe6 fxe6 27. Qd2 e5 28. Nf3 Rcd8 29. Qd5 Qe6 30. Rd1 Qxd5 31. Rxd5 Kf6 32. Red2 Ne4 33. R2d3 Ke6 34. Ng5+ Nxg5 35. hxg5 Rf8 36. c4 bxc4 37. bxc4 Ke7 38. c5 dxc5 39. Rxe5+ Kf7 40. Rf3+ Kg7 41. Rxc5 Rxf3 42. Kxf3 Rd3+ 43. Kg2 Ra3 44. Rc7+ Kg8 45. Rc2 Kf7 46. Rb2 Ke6 47. f3 Kf5 48. f4 Kg4 49. Kf2 Rf3+ 50. Ke2 Rxg3 51. Rb6 Rg2+ 52. Ke3 Rxa2 53. Rxg6 Ra3+ 54. Ke2 Kxf4 55. Rg8 Rg3 56. g6 Kf5 57. g7 Kf6 58. Ra8 Kxg7 59. Rxa6 h4 60. Ra4 h3 61. Rh4 Rg2+ 62. Kf3 Rh2 63. Kg3 Ra2 64. Rxh3 Ra3+ 65. Kh2 Ra2+ 66. Kg3 Kg6 67. Rh4 Ra3+ 68. Kg2 Kg5 69. Rh3 Ra2+ 70. Kg1 Kg4 71. Rb3 Rc2 72. Ra3 Kf4 73. Kf1 Ke4 74. Rb3 Rd2 75. Rh3 Rc2 76. Ke1 Rc1+ 77. Kd2 Rg1 78. Rh4+ Kf5 79. Rh8 Rg2+ 80. Ke3 Rg3+ 81. Kf2 Ra3 82. Rf8+ Ke6 83. Re8+ Kf7 84. Rh8 Ra2+ 85. Ke3 Ra3+ 86. Kd2 Rg3 0-1

[Event "Play for Durgesh Fundraiser Blitz"]
[Site "Vishy Anand Arena"]
[Date "2020.09.19"]
[Round "7"]
[White "SymbolX"]
[Black "SAIMANIVANNAN"]
[Result "1-0"]
[WhiteElo "1996"]
[BlackElo "1628"]
[PlyCount "85"]
[EventDate "2020.09.19"]
[EventType "swiss (blitz)"]

1. c4 Nf6 2. g3 g6 3. Bg2 Bg7 4. Nc3 O-O 5. e4 d6 6. Nge2 Nbd7 7. O-O c6 8. d3 e5 9. h3 Re8 10. Be3 Nf8 11. Qd2 Be6 12. f4 exf4 13. gxf4 d5 14. f5 Bc8 15. cxd5 cxd5 16. exd5 Bxf5 17. Bh6 Qb6+ 18. Kh1 Rad8 19. Bxg7 Kxg7 20. Ng3 Bc8 21. Qg5 h6 22. Qd2 Qe3 23. Qxe3 Rxe3 24. Kh2 h5 25. Rf4 Rxd3 26. Raf1 N8h7 27. Nge4 Bf5 28. Nxf6 Nxf6 29. Ne4 Nxe4 30. Bxe4 Rxh3+ 31. Kg2 Rd3 32. Bxd3 Bxd3 33. Rxf7+ Kh6 34. Rd1 Rxd5 35. Kg3 Rg5+ 36. Kf4 Rg4+ 37. Ke3 Bf5 38. Rxb7 Rg3+ 39. Kf4 Rg4+ 40. Ke5 Re4+ 41. Kf6 Re6+ 42. Kf7 g5 43. Rd8 1-0

[Event "Play for Durgesh Fundraiser Blitz"]
[Site "Vishy Anand Arena"]
[Date "2020.09.19"]
[Round "7"]
[White "Stark11"]
[Black "Nihelesh"]
[Result "1-0"]
[WhiteElo "1992"]
[BlackElo "1867"]
[Annotator "NA"]
[PlyCount "105"]
[EventDate "2020.09.19"]
[EventType "swiss (blitz)"]

1. e4 e6 2. Nc3 d5 3. exd5 exd5 4. d4 Nf6 5. Bd3 Bd6 6. Nge2 O-O 7. O-O c6 8. Bf4 Re8 9. Bxd6 Qxd6 10. Ng3 Be6 11. Nce2 Nbd7 12. Qd2 Rad8 13. Nf4 c5 14. Nxe6 fxe6 15. c3 c4 16. Bc2 a6 17. Rae1 Rf8 18. Qg5 Rde8 19. h3 b5 20. a3 a5 21. Re5 h6 22. Qe3 Qc7 23. Rxe6 Rxe6 24. Qxe6+ Kh8 25. Nf5 Qd8 26. Ne7 Re8 27. Ng6+ Kh7 28. Qf7 Ne4 29. f3 Qf6 30. fxe4 Qxf7 31. Rxf7 dxe4 32. Rxd7 Kxg6 33. Kf2 Kg5 34. Ke3 g6 35. Rd5+ Kf6 36. Rxb5 Ra8 37. Bxe4 g5 38. Bxa8 h5 39. Rxa5 g4 40. hxg4 hxg4 41. g3 Ke7 42. Bd5 Kd6 43. Bxc4 Kc7 44. Be2 Kb6 45. Rb5+ Kc7 46. a4 Kc6 47. a5 Kc7 48. a6 Kc6 49. a7 Kc7 50. a8=Q Kd6 51. Qa6+ Ke7 52. Rb7+ Kd8 53. Qa8# 1-0

[Event "Play for Durgesh Fundraiser Blitz"]
[Site "Vishy Anand Arena"]
[Date "2020.09.19"]
[Round "7"]
[White "Harry Grieve"]
[Black "Vinniethepooh"]
[Result "0-1"]
[WhiteElo "1991"]
[BlackElo "2208"]
[PlyCount "154"]
[EventDate "2020.09.19"]
[EventType "swiss (blitz)"]

1. e4 c5 2. Nf3 d6 3. d4 cxd4 4. Nxd4 Nf6 5. Nc3 a6 6. f3 e5 7. Nb3 Be7 8. Be3 O-O 9. Qd2 Be6 10. O-O-O Nbd7 11. g4 b5 12. g5 b4 13. gxf6 bxc3 14. Qxc3 Nxf6 15. Na5 Rc8 16. Nc6 Qe8 17. Nxe7+ Qxe7 18. Qa5 Rc6 19. Kb1 Rfc8 20. Bd3 d5 21. exd5 Nxd5 22. Bd2 Nf6 23. Bb4 Qe8 24. Rhe1 Nd7 25. b3 Nc5 26. Rxe5 Nxd3 27. cxd3 Qd7 28. Re2 Bf5 29. Red2 h6 30. Qe5 Bg6 31. Ba3 Kh7 32. Bb2 f6 33. Qe3 Re6 34. Qf4 Rd6 35. h4 Bxd3+ 36. Ka1 Rd8 37. h5 Rd5 38. Qh4 Qe6 39. Rg1 Bf5 40. Rxd5 Rxd5 41. Qg3 Qd7 42. a4 Rd1+ 43. Rxd1 Qxd1+ 44. Ka2 Be6 45. f4 Qd5 46. Ka3 Qe4 47. Qc3 a5 48. Bc1 Bf5 49. Kb2 Be6 50. Ka3 Qd5 51. Kb2 Bf5 52. Qd2 Qe4 53. Qc3 Qb1+ 54. Ka3 Bc2 55. Bb2 Bd1 56. Qxa5 Bc2 57. Qc3 Bf5 58. a5 Qe4 59. b4 Be6 60. a6 Qd5 61. Ka4 Qa2+ 62. Kb5 Qd5+ 63. Kb6 Qd6+ 64. Ka5 Qd8+ 65. Ka4 Qa8 66. b5 Bd7 67. Qa5 Qd5 68. Qb4 Qe4 69. Bc3 Bf5 70. Ka5 Qc2 71. Qe4 Qb3 72. Bb4 Qa2+ 73. Kb6 Bxe4 74. a7 Bd5 75. Kc7 Qc4+ 76. Kd6 Qxb4+ 77. Kd7 Qxb5+ 0-1

[Event "Play for Durgesh Fundraiser Blitz"]
[Site "Vishy Anand Arena"]
[Date "2020.09.19"]
[Round "7"]
[White "Snehil29"]
[Black "An_2356"]
[Result "1-0"]
[WhiteElo "1988"]
[BlackElo "1808"]
[Annotator "NA"]
[PlyCount "79"]
[EventDate "2020.09.19"]
[EventType "swiss (blitz)"]

1. Nf3 d5 2. d4 Nf6 3. c4 e6 4. g3 dxc4 5. Bg2 c6 6. Ne5 Be7 7. O-O O-O 8. Nxc4 Nbd7 9. e4 Nb6 10. Ne5 Bd6 11. Nd3 Bc7 12. Nc5 e5 13. dxe5 Bxe5 14. Nc3 Qe7 15. Nd3 Rd8 16. Qc2 Bd4 17. Ne2 Nxe4 18. Nxd4 Rxd4 19. Be3 Rc4 20. Qb3 Nd6 21. Rfe1 Be6 22. Nc5 Nd5 23. Nxe6 fxe6 24. Bd2 a5 25. a4 Rd4 26. Rad1 Qf6 27. h4 Rf8 28. Re2 Rg4 29. Bxa5 Rg6 30. Be1 Kh8 31. a5 Nb5 32. Qc4 Nd6 33. Qc5 Nf5 34. Rd3 Nde7 35. Rf3 Qf7 36. Bc3 Qe8 37. g4 Rxg4 38. Rxe6 Qh5 39. Rxe7 Qxh4 40. Rxf5 1-0

[Event "Play for Durgesh Fundraiser Blitz"]
[Site "Vishy Anand Arena"]
[Date "2020.09.19"]
[Round "7"]
[White "Kingofall"]
[Black "Anirudhha"]
[Result "0-1"]
[WhiteElo "1962"]
[BlackElo "2083"]
[PlyCount "86"]
[EventDate "2020.09.19"]
[EventType "swiss (blitz)"]

1. e4 e5 2. Nf3 Nc6 3. Bc4 Bc5 4. d3 Nf6 5. Nbd2 d6 6. Nf1 a6 7. Be3 Ba7 8. Bxa7 Rxa7 9. Ne3 Ne7 10. O-O Ng6 11. d4 O-O 12. dxe5 dxe5 13. Qxd8 Rxd8 14. Rad1 Re8 15. Nd5 Nxd5 16. Bxd5 c6 17. Bc4 b5 18. Bb3 Bg4 19. Rd3 Nf4 20. Re3 Bxf3 21. Rxf3 c5 22. Bd5 Nxd5 23. exd5 e4 24. Re3 Rd7 25. f3 Rxd5 26. fxe4 Rd2 27. Rf2 Red8 28. Ree2 Rxe2 29. Rxe2 Kf8 30. Kf2 Ke7 31. Ke3 Rd1 32. a3 Ke6 33. Rf2 f6 34. Rf5 c4 35. c3 Rb1 36. Rf2 Rd1 37. Re2 Ke5 38. Kf3 Rd3+ 39. Kf2 Kf4 40. g3+ Ke5 41. Re3 Rd2+ 42. Re2 Rxe2+ 43. Kxe2 Kxe4 0-1

[Event "Play for Durgesh Fundraiser Blitz"]
[Site "Vishy Anand Arena"]
[Date "2020.09.19"]
[Round "7"]
[White "Audi_S_Tesla"]
[Black "Samriddhaa"]
[Result "0-1"]
[WhiteElo "1961"]
[BlackElo "2030"]
[PlyCount "72"]
[EventDate "2020.09.19"]
[EventType "swiss (blitz)"]

1. e4 e6 2. d4 d5 3. Nc3 Nf6 4. Bg5 Bb4 5. e5 h6 6. Bd2 Bxc3 7. bxc3 Ne4 8. Qg4 g6 9. Bd3 Nxd2 10. Kxd2 c5 11. h4 c4 12. Be2 Bd7 13. Nf3 Bc6 14. a4 Nd7 15. a5 Qe7 16. Qf4 O-O-O 17. Nh2 a6 18. Ng4 h5 19. Nf6 Nxf6 20. exf6 Qc7 21. Ke3 e5 22. dxe5 Rhe8 23. Kd2 Rxe5 24. Qd4 Re4 25. Qa7 Qf4+ 26. Kd1 d4 27. cxd4 Rdxd4+ 28. Ke1 Qd2+ 29. Kf1 Qxe2+ 30. Kg1 Rg4 31. Rh2 Qe4 32. Kf1 Rxg2 33. Rxg2 Qxg2+ 34. Ke2 Qf3+ 35. Kf1 Rd1+ 36. Rxd1 Qxd1# 0-1